000 00599nam a2200241 a 4500
001 nice12345678
003 IN_TiNIC
005 20260116011849.0
008 050524s1969 bana grp 000 0 urd
020 _a
_c3.5
082 0 0 _a891.4391
_bKHA4
100 _aKhateeb, Sulaiman
245 _aDhanak
_b Sulaiman Klhateeb Awr Unka Kalam
260 _aBangalore
_bUrdu Literary Centre
_c1969
300 _a216p
500 _aincludes index and biblioraphy
505 2 _aAppendix
650 _aUrdu-Poetry
700 1 _aKhateeb, Sulaiman
902 _bSRS
942 _cBK
999 _c4544
_d4544